Online Catalogue and eLibrary

Kavignar Rabindranath Tagore (Record no. 4239)

MARC details
000 -LEADER
fixed length control field 00463nam a2200157Ia 4500
005 - DATE AND TIME OF LATEST TRANSACTION
control field 20250306051301.0
008 - FIXED-LENGTH DATA ELEMENTS--GENERAL INFORMATION
fixed length control field 240331s9999 xx 000 0 und d
082 ## - DDC Classification
Item Number - Author Mark MEE
DDC Edition Number 1543
Class No. 920
100 ## - MAIN ENTRY--PERSONAL NAME
Personal name Meenadchi S. T. P
245 #0 - TITLE STATEMENT
Title Kavignar Rabindranath Tagore
250 ## - EDITION STATEMENT
Edition statement 4th Edition
260 ## - PUBLICATION, DISTRIBUTION, ETC.
Place of publication, distribution, etc. Chennai,
Name of publisher, distributor, etc. New Century Book House Private Limited
Date of publication, distribution, etc. 1991
300 ## - PHYSICAL DESCRIPTION
Extent (e.g. Volumes, Pages etc.) 176 p.,
500 ## - GENERAL NOTE
General note Life and works of the Bengali polymath, Rabindranath Tagore.
942 ## - Koha item type (Biblio)
Koha item type Books in Stacks (Lending)
Holdings
Lost status Damaged status Collection code Home library Current library Shelving location Date acquired Full call number Accession Number Item type
    Lending WERC Library WERC Library Social Science Cupboard 03/31/2024 920 MEE 1543 Books in Stacks (Lending)

© WERC Library